000 00839nam a2200229 a 4500
001 000026664
005 20200930030336.0
008 110324s1997 sp d 000 0 spa d
020 _a8477645612
040 _aDO-SdBNP
_bspa
_cBNPHU
082 _aR463.21.
_bS636d, 1997
245 0 0 _aSmart diccionario :
_bespañol-inglés, english-spanish /
_cdirección de la obra, Enrique Fontanillo Merino, María Isabel Riesco prieto.
246 0 0 _aDiccionario Smart español/inglés, English/Spanish
260 _aBarcelona :
_bOceano,
_c1997.
300 _a1010 p. ;
_c27 cm.
650 4 _aEspañol
_xDiccionarios
_xInglés
_91738
650 4 _aInglés
_xDiccionarios
_xEspañol
_91739
700 1 2 _aRiesco Prieto, Maria Isabel
_953790
700 1 2 _aFontanillo Merino, Enrique
_953791
910 _aValidado. Control de calidad MFF
049 _aBNPD
999 _c26156
_d26156